BIBLIOTECA PODER JUDICIAL
Portal Judicial TDF

Primer juicio oral por maltrato animal en la Ciudad Autónoma de Buenos Aires : (Registro nro. 5553)

000 -LEADER
fixed length control field 01294nab a22002537a 4500
003 - CONTROL NUMBER IDENTIFIER
control field OSt
005 - DATE AND TIME OF LATEST TRANSACTION
control field 20251218080119.0
008 - FIXED-LENGTH DATA ELEMENTS--GENERAL INFORMATION
fixed length control field 190429b xxu||||| |||| 00| 0 spa d
040 ## - CATALOGING SOURCE
Transcribing agency PJ
100 ## - MAIN ENTRY--PERSONAL NAME
9 (RLIN) 6532
Personal name Baroni, Evangelina
245 13 - TITLE STATEMENT
Title Primer juicio oral por maltrato animal en la Ciudad Autónoma de Buenos Aires :
Remainder of title hacia el reconocimiento de la dignidad de los demás animales /
Statement of responsibility, etc Evangelina Baroni, Matías N. Yohai.
260 ## - PUBLICATION, DISTRIBUTION, ETC. (IMPRINT)
Date of publication, distribution, etc Ciudad Autónoma de Buenos Aires :
Place of publication, distribution, etc Thomson Reuters La Ley,
Name of publisher, distributor, etc 2025.
300 ## - PHYSICAL DESCRIPTION
Extent p. 20-29
500 ## - GENERAL NOTE
General note Cita: TR LALEY AR/DOC/1883/2024<br/><br/>
505 ## - FORMATTED CONTENTS NOTE
Formatted contents note Sumario: I. Introducción.— II. Los hechos del caso.— III. La decisión.— IV. Análisis de los argumentos.— V. El estatus legal de los animales en nuestro ordenamiento.— VI. La cuestión penal.— VII. Corolar.
505 ## - FORMATTED CONTENTS NOTE
Title Si te interesa el texto completo, solicitalo a koha@justierradelfuego.gov.ar
650 #0 - SUBJECT ADDED ENTRY--TOPICAL TERM
9 (RLIN) 343
Topical term or geographic name as entry element DERECHO PENAL
650 #0 - SUBJECT ADDED ENTRY--TOPICAL TERM
9 (RLIN) 2348
Topical term or geographic name as entry element PROCESO PENAL
650 #0 - SUBJECT ADDED ENTRY--TOPICAL TERM
9 (RLIN) 6531
Topical term or geographic name as entry element MALOS TRATOS A ANIMALES
650 #0 - SUBJECT ADDED ENTRY--TOPICAL TERM
9 (RLIN) 2676
Topical term or geographic name as entry element JUICIO ORAL
700 ## - ADDED ENTRY--PERSONAL NAME
9 (RLIN) 6533
Personal name Yohai, Matías N.
Función coautor
773 0# - HOST ITEM ENTRY
Host Biblionumber 2658
Host Itemnumber 3164
Title Revista de derecho penal y criminología. Nº 3 - Abril 2025
Place, publisher, and date of publication Ciudad Autónoma de Buenos Aires : Thomson Reuters La Ley, 2017-
International Standard Serial Number 00347914
942 ## - ADDED ENTRY ELEMENTS (KOHA)
Source of classification or shelving scheme
Koha item type Analítica Artículo de Revista

No hay ítems disponibles.

12 de Octubre 789 Ushuaia - Tel:  54(02901)441571
Horario de Atención: 8.00 a 17.00 hs. 
bibliotecaush@justierradelfuego.gov.ar
koha@justierradelfuego.gov.ar
Seguinos en nuestras redes @bibliojustdf 

Con tecnología Koha